Statistiques concernant Top 10 des pays les plus riches

Cliquez ici pour prendre le quiz!

Statistiques générales

  • Ce quiz a été pris 70 fois
  • Le résultat moyen est 9 sur 10

Statistiques - réponses

Hint Answer % Correct
#6France
97%
#1États-Unis
95%
#4Allemagne
95%
#2Chine
94%
#3Japon
92%
#5Royaume-Uni
89%
#10Canada
86%
#9Brésil
83%
#8Italie
80%
#7Inde
74%

Distribution des résultats

Percentile par nombre de réponses

% des personnes avec chaque résultat

Votre développement - résultats

Vous n’avez pas pris ce quiz